[Event "TH-S-1055"]
[Site "IECC email"]
[Date "2018.04.08"]
[Round "?"]
[White "Andrade, Paulo"]
[Black "Martins, Karin"]
[Result "1/2-1/2"]
[WhiteElo "1744"]
[BlackElo "1999"]
[PlyCount "45"]
[EventDate "2018.??.??"]
[EventType "tourn (corr)"]
[SourceTitle "Corr 2020"]
[Source "ChessBase"]
[SourceDate "2019.09.30"]
[SourceVersion "1"]
[SourceVersionDate "2019.09.30"]
[SourceQuality "1"]
[WhiteTeam "Brazil"]
[BlackTeam "Germany"]
[WhiteTeamCountry "BRA"]
[BlackTeamCountry "GER"]

1. d4 Nf6 2. c4 e6 3. g3 d5 4. Nf3 a6 5. Bg2 dxc4 6. 0-0 b5 7. Ne5 Nd5 8. a4 c6 9. e4 Nf6 10. d5 Qc7 11. axb5 Qxe5 12. bxc6 Qc7 13. Qa4 Nbd7 14. cxd7+ Bxd7 15. Qc2 Rc8 16. Nc3 Bc5 17. Rxa6 0-0 18. Bf3 Qb7 19. Ra1 exd5 20. exd5 Rfe8 21. Bf4 h6 22. Rfe1 Rcd8 23. Rac1 1/2-1/2

[Event "IECC KO-3067"]
[Site "IECC email"]
[Date "2009.05.05"]
[Round "?"]
[White "Andrade, Paulo"]
[Black "Togonon, Ted"]
[Result "0-1"]
[WhiteElo "1753"]
[BlackElo "1698"]
[PlyCount "62"]
[EventDate "2009.??.??"]
[EventType "match (corr)"]
[EventRounds "2"]
[SourceTitle "Telechess CBM 137"]
[Source "ChessBase"]
[SourceDate "2010.07.15"]
[SourceVersion "1"]
[SourceVersionDate "2010.07.15"]
[SourceQuality "1"]
[WhiteTeam "Brazil"]
[BlackTeam "Philippines"]
[WhiteTeamCountry "BRA"]
[BlackTeamCountry "PHI"]

1. e4 e5 2. Nf3 Nc6 3. d4 exd4 4. Bc4 Nf6 5. e5 d5 6. Bb5 Ne4 7. Nxd4 Bd7 8. Bxc6 bxc6 9. 0-0 Bc5 10. f3 Ng5 11. f4 Ne4 12. Be3 Qb8 13. Nd2 Qxb2 14. Nxe4 dxe4 15. Qd2 Rd8 16. Qf2 Qc3 17. f5 Bc8 18. Rad1 0-0 19. f6 g6 20. Nf5 Bxe3 21. Nxe3 Qxe5 22. Qh4 h5 23. a3 Kh7 24. Rb1 Rd2 25. h3 Re8 26. Qe1 Red8 27. Qh4 Re2 28. Rfe1 Rdd2 29. Kh1 Qc3 30. Qg5 a5 31. Qf4 Bxh3 0-1

[Event "IECC CL3-2006.11 email"]
[Site "IECC email"]
[Date "2006.10.01"]
[Round "?"]
[White "Andrade, Paulo"]
[Black "Obando, Daniel"]
[Result "0-1"]
[WhiteElo "1779"]
[BlackElo "1831"]
[PlyCount "34"]
[EventDate "2006.??.??"]
[EventType "tourn (corr)"]
[EventRounds "4"]
[SourceTitle "Corr 2008"]
[Source "ChessBase"]
[SourceDate "2008.06.24"]
[SourceVersion "1"]
[SourceVersionDate "2008.06.24"]
[SourceQuality "1"]

1. d4 d5 2. c4 c6 3. Nf3 Nf6 4. g3 dxc4 5. Bg2 Nbd7 6. a4 a5 7. Na3 Nb6 8. Ne5 Be6 9. e4 Nfd7 10. f4 Nxe5 11. fxe5 g6 12. 0-0 Bg7 13. Be3 0-0 14. Qc2 f6 15. Rad1 Qc7 16. exf6 Rxf6 17. Rxf6 exf6 0-1

[Event "IECC CL3-2006.11 email"]
[Site "IECC email"]
[Date "2006.10.01"]
[Round "?"]
[White "Shutov, Andry"]
[Black "Andrade, Paulo"]
[Result "1-0"]
[WhiteElo "1934"]
[BlackElo "1765"]
[PlyCount "43"]
[EventDate "2006.??.??"]
[EventType "tourn (corr)"]
[EventRounds "4"]
[SourceTitle "Corr 2008"]
[Source "ChessBase"]
[SourceDate "2008.06.24"]
[SourceVersion "1"]
[SourceVersionDate "2008.06.24"]
[SourceQuality "1"]

1. e4 e5 2. f4 d5 3. exd5 e4 4. d3 Nf6 5. dxe4 Nxe4 6. Nf3 Bc5 7. Qe2 Qe7 8. Be3 Na6 9. Nbd2 Nb4 10. Bxc5 Nxc5 11. Qxe7+ Kxe7 12. 0-0-0 Nxa2+ 13. Kb1 Nb4 14. Re1+ Kf8 15. Bc4 Bg4 16. h3 Bxf3 17. Nxf3 Rd8 18. Rd1 h5 19. c3 Nba6 20. Ng5 Rh6 21. Kc2 Rhd6 22. Rhe1 1-0

[Event "IECC KO-3026"]
[Site "IECC email"]
[Date "2004.09.15"]
[Round "?"]
[White "Petkov, Stamat"]
[Black "Andrade, Paulo"]
[Result "1-0"]
[WhiteElo "2099"]
[BlackElo "1815"]
[PlyCount "33"]
[EventDate "2004.??.??"]
[EventType "match (corr)"]
[EventRounds "2"]
[SourceTitle "Corr 2020"]
[Source "ChessBase"]
[SourceDate "2019.09.30"]
[SourceVersion "1"]
[SourceVersionDate "2019.09.30"]
[SourceQuality "1"]
[WhiteTeam "Bulgaria"]
[BlackTeam "Brazil"]
[WhiteTeamCountry "BUL"]
[BlackTeamCountry "BRA"]

1. Nc3 c5 2. Nf3 d5 3. e4 d4 4. Bb5+ Bd7 5. Bxd7+ Nxd7 6. Ne2 e5 7. 0-0 Ngf6 8. d3 Qc7 9. Ng3 g6 10. a4 c4 11. Nd2 cxd3 12. cxd3 Rc8 13. Nc4 Nc5 14. f4 Nxd3 15. Nxe5 Nxe5 16. fxe5 Qxe5 17. Bf4 1-0

[Event "IECC KO-3026"]
[Site "IECC email"]
[Date "2004.02.25"]
[Round "?"]
[White "Laureles, Raymundo"]
[Black "Andrade, Paulo"]
[Result "0-1"]
[WhiteElo "1632"]
[BlackElo "1806"]
[PlyCount "78"]
[EventDate "2004.??.??"]
[EventType "match (corr)"]
[EventRounds "2"]
[SourceTitle "Corr 2020"]
[Source "ChessBase"]
[SourceDate "2019.09.30"]
[SourceVersion "1"]
[SourceVersionDate "2019.09.30"]
[SourceQuality "1"]
[WhiteTeam "South Africa"]
[BlackTeam "Brazil"]
[WhiteTeamCountry "RSA"]
[BlackTeamCountry "BRA"]

1. e4 e6 2. d4 d5 3. Nc3 Bb4 4. e5 c5 5. a3 Bxc3+ 6. bxc3 Qc7 7. Qg4 f5 8. Qg3 Ne7 9. Qxg7 Rg8 10. Qxh7 cxd4 11. Kd1 Bd7 12. Qh5+ Kd8 13. cxd4 Qc3 14. Rb1 Qxd4+ 15. Bd2 Qxe5 16. Rxb7 Qa1+ 17. Bc1 Qd4+ 18. Ke1 Qc3+ 19. Bd2 Qxa3 20. Qd1 Nbc6 21. Nf3 e5 22. c3 f4 23. c4 d4 24. Nh4 a5 25. Bd3 Nb4 26. Bh7 Rh8 27. Be4 Bc6 28. Bxc6 Nexc6 29. Nf5 a4 30. f3 Qb2 31. Kf1 a3 32. Ne7 a2 33. Nxc6+ Kc8 34. Rxb4 a1Q 35. Ke2 d3+ 36. Kxd3 Rd8+ 37. Nxd8 e4+ 38. Ke2 exf3+ 39. Kf2 Qd4+ 0-1

[Event "IECC KO email"]
[Site "IECC email"]
[Date "2003.02.14"]
[Round "?"]
[White "Andrade, Paulo"]
[Black "Sala, Stefano"]
[Result "0-1"]
[WhiteElo "1847"]
[BlackElo "1613"]
[PlyCount "40"]
[EventDate "2003.??.??"]
[EventType "tourn (corr)"]
[EventRounds "6"]
[SourceTitle "Corr 2008"]
[Source "ChessBase"]
[SourceDate "2008.06.24"]
[SourceVersion "1"]
[SourceVersionDate "2008.06.24"]
[SourceQuality "1"]

1. d4 Nf6 2. c4 c5 3. d5 e6 4. Nc3 exd5 5. cxd5 d6 6. e4 g6 7. Nf3 Bg7 8. h3 0-0 9. Bd3 a6 10. a4 Nbd7 11. 0-0 Re8 12. Bf4 Qe7 13. Re1 Nh5 14. Bh2 Ne5 15. Nxe5 Bxe5 16. Bxe5 Qxe5 17. Qf3 Nf4 18. Bf1 Qf6 19. Re3 b6 20. Rb1 Rb8 0-1

[Event "IECC KO email"]
[Site "IECC email"]
[Date "2002.03.15"]
[Round "?"]
[White "Andrade, Paulo"]
[Black "Moleman, Andries"]
[Result "1-0"]
[WhiteElo "1810"]
[BlackElo "1882"]
[PlyCount "81"]
[EventDate "2002.??.??"]
[EventType "tourn (corr)"]
[EventRounds "6"]
[SourceTitle "Corr 2008"]
[Source "ChessBase"]
[SourceDate "2008.06.24"]
[SourceVersion "1"]
[SourceVersionDate "2008.06.24"]
[SourceQuality "1"]

1. e4 e5 2. Nf3 Nc6 3. Bb5 f5 4. Nc3 fxe4 5. Nxe4 Nf6 6. Nxf6+ gxf6 7. d4 d6 8. Ng5 fxg5 9. Qh5+ Kd7 10. d5 h6 11. dxc6+ Ke6 12. h4 gxh4 13. Rh3 Be7 14. Qg4+ Kf7 15. Qf3+ Kg7 16. cxb7 Bxb7 17. Qxb7 Rb8 18. Qd5 Bg5 19. Ra3 Rf8 20. Bd3 Qf6 21. f4 Bxf4 22. Rxa7 Rf7 23. Bc4 Bxc1 24. Qxf7+ Qxf7 25. Bxf7 Bxb2 26. Rd1 Kxf7 27. Rxd6 Bc3+ 28. Ke2 Ba5 29. Rxh6 Bb6 30. Ra6 Rf8 31. Rxh4 Kg6 32. Rg4+ Kf6 33. a4 Kf5 34. Kf3 Re8 35. Re4 Rf8 36. a5 Kg5+ 37. Ke2 Bd4 38. Kd3 Rd8 39. Rc6 Rd5 40. a6 Ra5 41. g4 1-0

[Event "IECC KO email"]
[Site "IECC email"]
[Date "2002.03.15"]
[Round "?"]
[White "Moleman, Andries"]
[Black "Andrade, Paulo"]
[Result "0-1"]
[WhiteElo "1904"]
[BlackElo "1788"]
[PlyCount "76"]
[EventDate "2002.??.??"]
[EventType "tourn (corr)"]
[EventRounds "6"]
[SourceTitle "Corr 2008"]
[Source "ChessBase"]
[SourceDate "2008.06.24"]
[SourceVersion "1"]
[SourceVersionDate "2008.06.24"]
[SourceQuality "1"]

1. Nf3 Nf6 2. d4 g6 3. c4 Bg7 4. g3 0-0 5. Bg2 c5 6. dxc5 Qa5+ 7. Nc3 Ne4 8. Bd2 Nxd2 9. Qxd2 Qxc5 10. Rc1 Nc6 11. b3 d6 12. Nd5 a5 13. 0-0 Bg4 14. Rfd1 Rac8 15. Ne1 Qa3 16. Nd3 Rfe8 17. c5 a4 18. h3 Be6 19. bxa4 Red8 20. e4 Ra8 21. cxd6 exd6 22. Nc3 Nd4 23. Nf4 h6 24. Nb5 Nxb5 25. Nxe6 fxe6 26. axb5 Qxa2 27. Rc7 Qb3 28. Rxb7 Ra2 29. Qc1 Rc2 30. Qe3 Qxe3 31. fxe3 Be5 32. Rf1 Rf8 33. g4 Ra8 34. Rf3 Ra3 35. Rb8+ Kg7 36. Rbf8 g5 37. Rf2 Rxf2 38. Kxf2 Kxf8 0-1

[Event "IECC CL4-2002.09"]
[Site "IECC email"]
[Date "2002.03.14"]
[Round "?"]
[White "Hort, Wolfgang"]
[Black "Andrade, Paulo"]
[Result "1-0"]
[WhiteElo "1683"]
[BlackElo "1792"]
[PlyCount "63"]
[EventDate "2002.??.??"]
[EventType "tourn (corr)"]
[EventRounds "4"]
[SourceTitle "Corr 2008"]
[Source "ChessBase"]
[SourceDate "2008.06.24"]
[SourceVersion "1"]
[SourceVersionDate "2008.06.24"]
[SourceQuality "1"]

1. d4 Nf6 2. c4 g6 3. Nf3 Bg7 4. Nc3 d6 5. e4 0-0 6. Be2 e5 7. 0-0 Nc6 8. d5 Ne7 9. Nd2 a5 10. Qc2 c6 11. Rd1 cxd5 12. cxd5 Bd7 13. Nc4 Qc7 14. Qd3 Ne8 15. Be3 Nc8 16. Rdc1 f5 17. a4 Nf6 18. f3 Rf7 19. Nb5 Qb8 20. Nd2 b6 21. Ra3 Ne7 22. Rb3 fxe4 23. fxe4 Nc8 24. Rbc3 Ne8 25. Nc4 Nf6 26. Nca3 Ne8 27. Qd1 Nf6 28. Bf3 Ne7 29. Nc7 Ra7 30. Nab5 Bxb5 31. Nxb5 Rb7 32. Bg4 1-0

[Event "IECC Swiss email"]
[Site "IECC email"]
[Date "2002.01.13"]
[Round "?"]
[White "Andrade, Paulo"]
[Black "Grimbergen, Matthijs"]
[Result "1-0"]
[WhiteElo "1797"]
[BlackElo "1392"]
[PlyCount "25"]
[EventDate "2002.??.??"]
[EventType "tourn (corr)"]
[EventRounds "6"]
[SourceTitle "Corr 2008"]
[Source "ChessBase"]
[SourceDate "2008.06.24"]
[SourceVersion "1"]
[SourceVersionDate "2008.06.24"]
[SourceQuality "1"]

1. e4 c5 2. Nf3 d6 3. d4 cxd4 4. Nxd4 Nf6 5. Nc3 g6 6. Be3 Bg7 7. Be2 Nc6 8. Nb3 0-0 9. f4 Be6 10. g4 Rc8 11. f5 Bxb3 12. axb3 Nd7 13. Qd2 1-0

[Event "IECC CL3-2001.02"]
[Site "IECC email"]
[Date "2001.01.21"]
[Round "?"]
[White "Perez, Maria Jose"]
[Black "Andrade, Paulo"]
[Result "1-0"]
[WhiteElo "1884"]
[BlackElo "1802"]
[PlyCount "75"]
[EventDate "2001.??.??"]
[EventType "tourn (corr)"]
[EventRounds "4"]
[SourceTitle "Corr 2008"]
[Source "ChessBase"]
[SourceDate "2008.06.24"]
[SourceVersion "1"]
[SourceVersionDate "2008.06.24"]
[SourceQuality "1"]

1. d4 Nf6 2. c4 d5 3. cxd5 Nxd5 4. e4 Nf6 5. Nc3 e5 6. Nf3 exd4 7. Qxd4 Qxd4 8. Nxd4 Bb4 9. f3 a6 10. Bg5 c5 11. Bxf6 gxf6 12. Nc2 Bxc3+ 13. bxc3 Nc6 14. Ne3 Be6 15. Nd5 Bxd5 16. exd5 Ne7 17. c4 Nf5 18. Bd3 Nd4 19. a4 0-0-0 20. Kf2 Rhe8 21. a5 Kc7 22. Rab1 Rd6 23. Bxh7 Re2+ 24. Kg3 f5 25. Rbe1 Rh6 26. Rxe2 Nxe2+ 27. Kf2 Nd4 28. Bg8 Nb3 29. Bxf7 Nxa5 30. Be6 Nxc4 31. Bxf5 Kd6 32. g4 b5 33. g5 Rh5 34. f4 Ke7 35. Re1+ Kf7 36. Kg3 Rh8 37. Re6 a5 38. g6+ 1-0

[Event "IECC M email"]
[Site "IECC email"]
[Date "1999.07.24"]
[Round "?"]
[White "Andrade, Paulo"]
[Black "Van Nieuwenhuizen, Rene"]
[Result "1/2-1/2"]
[WhiteElo "1827"]
[BlackElo "1995"]
[PlyCount "31"]
[EventDate "1999.??.??"]
[EventType "tourn (corr)"]
[EventRounds "6"]
[SourceTitle "Corr 2008"]
[Source "ChessBase"]
[SourceDate "2008.06.24"]
[SourceVersion "1"]
[SourceVersionDate "2008.06.24"]
[SourceQuality "1"]

1. Nf3 c5 2. g3 Nc6 3. Bg2 Nf6 4. 0-0 g6 5. d3 d5 6. Nbd2 Bg7 7. e4 0-0 8. Re1 e5 9. exd5 Nxd5 10. c3 Re8 11. Ne4 b6 12. Qb3 h6 13. h4 Be6 14. Qa4 Qc7 15. b3 f5 16. c4 1/2-1/2

[Event "IECC M email"]
[Site "IECC email"]
[Date "1999.05.24"]
[Round "?"]
[White "Andrade, Paulo"]
[Black "Newman, Nelson"]
[Result "0-1"]
[WhiteElo "1892"]
[BlackElo "2077"]
[PlyCount "68"]
[EventDate "1999.??.??"]
[EventType "tourn (corr)"]
[EventRounds "6"]
[SourceTitle "Corr 2008"]
[Source "ChessBase"]
[SourceDate "2008.06.24"]
[SourceVersion "1"]
[SourceVersionDate "2008.06.24"]
[SourceQuality "1"]

1. e4 e6 2. d4 d5 3. e5 c5 4. c3 Nc6 5. Nf3 Bd7 6. Bd3 cxd4 7. cxd4 Qb6 8. 0-0 Nxd4 9. Nxd4 Qxd4 10. Nc3 Qxe5 11. Re1 Qd6 12. Nb5 Bxb5 13. Bxb5+ Kd8 14. Be3 Qb4 15. a4 Bd6 16. Bd4 Nf6 17. g3 a6 18. Bc3 Qc5 19. Rc1 Qb6 20. Bf1 Bc5 21. Qd2 a5 22. Qf4 Ke7 23. Bd3 Rac8 24. h3 h6 25. Rc2 d4 26. Bd2 Bd6 27. Qf3 Rxc2 28. Bxc2 Qxb2 29. Qd3 Rc8 30. Bb3 Bb4 31. Bxb4+ axb4 32. Qb5 Qxb3 33. Qxb7+ Kd8 34. Qxf7 Rc7 0-1